| 000 | 00866nas a2200301 4500 | ||
|---|---|---|---|
| 001 | BR2014000832 | ||
| 003 | BR-BrBNA | ||
| 005 | 20231205123714.0 | ||
| 007 | ta | ||
| 008 | 230509b bl.|||p| |||| 00| 00por d | ||
| 040 |
_aBR-BrBNA _bpor _cBiblioteca Nacional de Agricultura |
||
| 041 | _a(Pt) | ||
| 072 | _aL70 | ||
| 100 | 1 | _aMuller, D.C. de M. | |
| 100 | 1 | _aAmaral, B.P. | |
| 100 | 1 | _aSpier, J.D. | |
| 100 | 1 | _aBasso, P.C. | |
| 100 | 1 | _aSerafini, G.M.C. | |
| 100 | 1 | _aSchossler, E.W. | |
| 245 | 1 | _aAnálise biomecânica ex vivo de diferentes técnicas de osteossíntese ilíaca | |
| 650 | _aSUÍNO | ||
| 650 | _aOSTEOSSINTESE | ||
| 650 | _aFRATURA | ||
| 650 | _aPELVIS | ||
| 773 | 0 |
_tCiencia Rural (Brazil) _xISSN 0103-8478 _g(Dec 2013), v. 43(12) p. 2274-2279 _wBR2014000832 |
|
| 909 |
_a202311 _bLúcia _c55 _dLúcia Elande |
||
| 942 |
_2AGRIS _n0 _cANA |
||
| 999 |
_c235279 _d235279 |
||